| 000 | 00348 a2200109 4500 | ||
|---|---|---|---|
| 001 | ART_41523 | ||
| 005 | 20260410162023.0 | ||
| 008 | 260409a | ||
| 245 | 1 | 0 | _aBreve comentario al art. 52 de la ley 24.522 |
| 100 | 1 | _aHansen, Guillermo D. | |
| 773 | 0 |
_tRevista de las sociedades y concursos _g- NÂș 28 (mayo/jun. 2004) _wREV41519 |
|
| 999 |
_c33302 _d33302 |
||